00234nam a22001097a 4500003000400000005001700004008004100021040000800062082001100070100001800081245002500099OSt20191106115312.0191106b ||||| |||| 00| 0 eng d cDDC a287.09 a Babu, Jeevan aMy spiritual journey